| 000 | 00763nam a2200217 a 4500 | ||
|---|---|---|---|
| 003 | 0 | ||
| 005 | 20250314132924.0 | ||
| 008 | 071127s19uu xx 00 eng d | ||
| 050 |
_aPGS LB 3013.3.V36 _b.R886 2007 |
||
| 100 | _aRoxas, Chrizelle Denise B. | ||
| 245 |
_aVandalism and self-expression / _cChrizelle Denise B. Roxas. |
||
| 260 |
_aLas PiƱas City, Philippines : _bSouthville International School and Colleges, _c2007. |
||
| 300 |
_a41 pages : _billustrations ; _c28 cm. |
||
| 504 | _aIncludes bibliographical references. | ||
| 650 | _aVandalism in schools. | ||
| 650 | _aSelf-expression in children. | ||
| 650 |
_aStudents _vConduct of life. |
||
| 650 | _aSchool discipline. | ||
| 650 |
_aGraffiti _vPsychological aspects. |
||
| 942 |
_2lcc _cPASS |
||
| 999 |
_c97762 _d97762 |
||